Japan : Selected Issues.

This Selected Issues paper discusses the findings of the IMF staff research focusing on labor market dynamics, economic growth, the financial sector, private investment, and monetary policy in Japan. Japan's labor market has fared relatively well considering the occasional substantial output lo...

Fuld beskrivelse

Bibliografiske detaljer
Institution som forfatter: International Monetary Fund. Asia and Pacific Dept
Format: Tidsskrift
Sprog:English
Udgivet: Washington, D.C. : International Monetary Fund, 2016.
Serier:IMF Staff Country Reports; Country Report ; No. 2016/268
Online adgang:Full text available on IMF
LEADER 01777cas a2200241 a 4500
001 AALejournalIMF017018
008 230101c9999 xx r poo 0 0eng d
020 |c 5.00 USD 
020 |z 9781475522525 
022 |a 1934-7685 
040 |a BD-DhAAL  |c BD-DhAAL 
110 2 |a International Monetary Fund.  |b Asia and Pacific Dept. 
245 1 0 |a Japan :   |b Selected Issues. 
264 1 |a Washington, D.C. :  |b International Monetary Fund,  |c 2016. 
300 |a 1 online resource (86 pages) 
490 1 |a IMF Staff Country Reports 
500 |a <strong>Off-Campus Access:</strong> No User ID or Password Required 
500 |a <strong>On-Campus Access:</strong> No User ID or Password Required 
506 |a Electronic access restricted to authorized BRAC University faculty, staff and students 
520 3 |a This Selected Issues paper discusses the findings of the IMF staff research focusing on labor market dynamics, economic growth, the financial sector, private investment, and monetary policy in Japan. Japan's labor market has fared relatively well considering the occasional substantial output losses, with unemployment remaining low. Although Japan's employment responsiveness to the cyclical position has been relatively low, it has been rising over time reflecting the higher share of the nonregular workforce. The lower employment response to output compared with other countries during the Great Recession reflects the quick implementation of an employment subsidy program, a more flexible wage system, and strong employment protection. 
538 |a Mode of access: Internet 
830 0 |a IMF Staff Country Reports; Country Report ;  |v No. 2016/268 
856 4 0 |z Full text available on IMF  |u http://elibrary.imf.org/view/journals/002/2016/268/002.2016.issue-268-en.xml  |z IMF e-Library